Reparacin̤ Integral y Reinsercin̤ Social en Escenarios de Transicin̤

Bibliographic Details
Main Author: Cr̤doba Caviedes, Alvaro Francisco
Format: eBook
Language:Spanish
Published: Bogot:̀ Editorial Acadm̌ica Espaǫla, 2019
Subjects:
Online Access:Acceso restringido

MARC

LEADER 00000nam a22000007a 4500
005 20191004003054.0
007 cr|||| ||||
008 191004s2019 co |||||s|||| 00||0 spa d
020 |a 9786200018717 
035 |a 29247 
040 |a vLex 
090 |c 9712  |d 9712 
100 1 |a Cr̤doba Caviedes, Alvaro Francisco 
245 1 0 |a Reparacin̤ Integral y Reinsercin̤ Social en Escenarios de Transicin̤  |h [Recurso electrn̤ico] /  |c Alvaro Francisco Cr̤doba Caviedes 
256 |a Servicio en ln̕ea 
260 |a Bogot:̀  |b Editorial Acadm̌ica Espaǫla,  |c 2019 
300 |a 1 recurso electrn̤ico 
500 |a En Colombia la reinsercin̤ social de los responsables de crm̕enes, an︢ en procesos de justicia transicional, ha tenido un fuerte acento en el debate sobre punibilidad y sancin̤ penal restringida esta l︢tima a la pena privativa de la libertad en centros penitenciarios y carcelarios. Esta investigacin̤ propone ofrecer una mirada distinta a la reinsercin̤ social como funcin̤ de la pena para ampliarla a la reparacin̤ del daǫ de la vc̕tima, como un elemento esencial en la bs︢queda de la justicia, que garantice la no repeticin̤ y genere condiciones favorables para la reconstruccin̤ del tejido social y la convivencia pacf̕ica desde una perspectiva de justicia restaurativa. 
506 1 |a Disponible solo en los productos indicados  |d vLex Global  |d vLex Global (Academic Edition, excluding Law Schools)  |d vLex Global (U.S. Academic Edition, Law Schools)  |d vLex Global (U.S. Academic Edition, excluding Law Schools)  |d vLex Global (Academic Edition, Law Schools) 
650 0 4 |a Derecho Penal  |z Colombia 
740 0 |a vLex Libros (Servicio en ln̕ea) 
856 4 0 |u http://vlex.com/source/29247  |z Acceso restringido 
942 |c BOOK 
999 0 |a Criminal law